Statistics for Word Vocabulary - SH

Click here to take the quiz!

General Stats

  • This quiz has been taken 357 times
    (241 since last reset)
  • The average score is 56 of 100

Answer Stats

word% Correct
shh
100%
she
97%
sham
94%
show
93%
shad
91%
shack
90%
shame
90%
share
90%
shin
90%
shop
89%
shag
85%
ship
85%
shore
85%
shade
84%
shot
84%
shape
83%
shaw
83%
shri
83%
shake
81%
sh-t
81%
shut
81%
shall
78%
short
76%
shy
75%
shed
74%
sheep
74%
sheet
74%
shine
74%
shea
73%
shell
73%
shoe
72%
shun
72%
shave
70%
shale
69%
shark
69%
shaft
68%
sharp
67%
sheen
67%
sheer
67%
shirt
67%
shoot
67%
shove
67%
shock
66%
shone
65%
shard
61%
shim
61%
shear
60%
shire
60%
shank
58%
shod
58%
shrink
56%
shrimp
55%
shawl
53%
shift
53%
shill
53%
shuck
53%
shalt
52%
should
52%
shout
52%
shorn
51%
shrill
49%
shiv
48%
shown
48%
shrunk
47%
shook
45%
shrew
45%
sheikh
44%
shrine
44%
shrug
44%
sheaf
43%
shunt
43%
shirk
41%
shah
39%
sharn
39%
shoal
38%
shred
38%
shelf
36%
shriek
36%
shul
36%
shrub
33%
sheal
32%
shield
30%
shog
30%
shroud
30%
sheath
28%
sheave
27%
shrove
26%
shoat
24%
shrive
24%
shirr
23%
shrift
23%
shush
23%
shive
20%
shrike
20%
shia
17%
shelve
15%
shend
11%
shrewd
11%
shtick
8%
shroff
2%

Score Distribution

Percentile by Number Answered

Percent of People with Each Score

Your Score History

You have not taken this quiz since the last reset